LEADER 01513nam a2200325 u 4500 001 000000007603 003 CaOOAMICUS 005 20070226105013.0 008 941013s1990 it u000 u ita u 020 $a8820916185 035 $a10199166 040 $aPUL(R)$bita 245 03$aLa Curia romana nella Cost. Ap. "Pastor Bonus" /$ca cura di Piero Antonio Bonnet e Carlo Gullo. 260 $aCittą del Vaticano :$bLibreria editrice vaticana,$c1990. 300 $axii, 571 p. ;$c24 cm 490 1 $aStudi giuridici ;$v21 490 1 $aAnnali di dottrina e giurisprudenza canonica ;$v13 700 1 $aGullo, Carlo.$0(OLS)http://pul/name/2832 700 1 $aBonnet, Piero Antonio.$0(OLS)http://pul/name/2831 830 0$aAnnali di dottrina e giurisprudenza canonica ;$v13.$0(OLS)http://pul/title/10354 830 0$aStudi giuridici (Libreria editrice Vaticana) ;$v21.$0(OLS)http://pul/title/782 850 $aPUL 852 $aPUL$W1$xSL Diritto Canonico 1$y5$m150 B 58$j10748$nBK-PRI$b $qStampati$B10748$CPULBib$Z2$F10748 $81 852 $aPUL$W1$xSL Diritto Canonico 3$y77$m262. 99 CAN.6 2.21$j10749$nBK-PRI$bDDC 21$q $B10749$CPULBib$Z2$F10749 $H78188 $81 941 1 $a9 941 1 $a8 961 $aINV: 68387 996 $6020$a8820916185$9(OLS)http://pul/number/9800 996 $6245$aLa Curia romana nella Cost. Ap. "Pastor Bonus"$9(OLS)http://pul/title/11111 996 $6260$aCittą del Vaticano :$bLibreria editrice vaticana$9(OLS)http://pul/publisher/47920 LEADER 01011nam a2200253 u 4500 001 000000045360 003 CaOOAMICUS 005 20070226114643.0 008 990531s1951 it u000 u ita u 035 $a10824891 040 $aPUL(R)$bita$dPUL(R) 245 10$aAppunti sull'evoluzione del sindacato /$ca cura dell'Istituto Sociale Ambrosiano. 260 $aMilano :$bACLI,$c1951. 300 $a268 p. ;$c21 cm 490 1 $aQuaderni ACLI ;$v2 650 4$aSindacati$zItalia.$0(OLS)http://pul/subject/10590 710 2 $aIstituto Sociale Ambrosiano.$0(OLS)http://pul/name/32885 830 0$aQuaderni ACLI ;$v2.$0(OLS)http://pul/title/61159 850 $aPUL 852 $aPUL$W1$xDP1 Cons. Gen., Altre Classi 1$y22$m46 L 6$j60958$nBK-PRI$b $qStampati$B60958$CPULBib$Z2$F60958 $H $81 941 1 $a8 961 $aINV: 40237 996 $6245$aAppunti sull'evoluzione del sindacato$9(OLS)http://pul/title/61158 996 $6260$aMilano :$bACLI$9(OLS)http://pul/publisher/66109